000 nam a22 a 4500
999 _c412452
_d412452
003 BLK
005 20221208031054.0
008 210504b bu |||||r|||| 00| | bu d
040 _aBLK
041 _aFRE
_cFRE
072 _9178367
_aЦ
_xРедки и ценни
080 _aПомощни съдебни науки. Съдебна психология. Съдебна химия. Съдебна медицина. Съдебномедицинска експертиза. Експерти, съдебнотехн. и счетовод. експертиза, съдебна токсикология. Вж и 343
_b340.6
_x(035)
_z340.6(035)
100 _91299
_aLutaud, Auguste
_eпърви автор
139 _aLutaud, Auguste
245 _aManuel de medecine legale et de jurisprudence medicale
_cAuguste Lutaud
250 _a3-e edit.
260 _9451870
_aParis
_bLauweyrens
_c1881
300 _aVII-766 p.
_bill., fig.
380 _a3
490 _9435080
_aКолекция Редки и ценни издания
650 7 _9172903
_aСъдебна медицина
653 7 _9201009
_aюриспруденция
659 7 _9178164
_aЦ
_xРедки и ценни
700 _aBoutmy, M. E.
_eсъавт.
_91445
852 _aРф 881
_bРц
942 _cKNG
_n0
_s1
944 _aCR
_c2021-05-04
_kА.М.